Juicios : 30.000 detenidos-desaparecidos !presentes¡ /
Guardado en:
| Otros Autores: | , , , , , |
|---|---|
| Formato: | Libro |
| Publicado: |
Buenos Aires :
Instituto Espacio para la Memoria,
2010
|
| Materias: | |
| Etiquetas: |
Agregar Etiqueta
Sin Etiquetas, Sea el primero en etiquetar este registro!
|
| LEADER | 00820nam a22002655a 4500 | ||
|---|---|---|---|
| 001 | CEM.cems013546 | ||
| 005 | 20110707111614.0 | ||
| 008 | 130507s2010##################000#0#####d | ||
| 003 | CEMS | ||
| 020 | |a 9789872655310 | ||
| 082 | 0 | 4 | |a 323.4 |
| 245 | 0 | 0 | |a Juicios : |b 30.000 detenidos-desaparecidos !presentes¡ / |c [contenidos: Ana María Careaga y Otros] |
| 260 | |a Buenos Aires : |b Instituto Espacio para la Memoria, |c 2010 | ||
| 300 | |a 96 p. | ||
| 653 | |a Genocidio | ||
| 653 | |a Juicios de lesa humanidad | ||
| 653 | |a Terrorismo de estado | ||
| 653 | |a Esma | ||
| 700 | 1 | |a Gómez, María Rosa | |
| 700 | 1 | |a Parente, Valeria | |
| 700 | 1 | |a Belforte, Liliana | |
| 700 | 1 | |a Ugarte, Mariano | |
| 700 | 1 | |a Sanjurjo, Luis | |
| 700 | 1 | |a Estellés, Oscar Luis | |
| 859 | |a CEMS |b BIB. CEMS - 11 de abril |h 323.4 |i Ar37 |p 26168.11 |t Ej.1 | ||
